Mécanisme et éducation des mouvements / (Record no. 178932)
[ view plain ]
| 000 -LEADER | |
|---|---|
| campo de control de longitud fija | 00886namaa2200253 i 4500 |
| 001 - NÚMERO DE CONTROL | |
| campo de control | 178932 |
| 003 - IDENTIFICADOR DE NÚMERO DE CONTROL | |
| campo de control | ES-MaACL |
| 005 - FECHA Y HORA DE LA ÚLTIMA TRANSACCIÓN | |
| campo de control | 20250828061217.0 |
| 008 - DATOS DE LONGITUD FIJA--INFORMACIÓN GENERAL | |
| campo de control de longitud fija | 110810s1905 fr | |||| ||fre d |
| 040 ## - FUENTE DE CATALOGACIÓN | |
| Centro catalogador/agencia de origen | SpMaBN |
| Lengua de catalogación | spa |
| Centro/agencia transcriptor | SpMaBN |
| Normas de descripción | rdc |
| 080 ## - NÚMERO DE LA CLASIFICACIÓN DECIMAL UNIVERSAL | |
| Número de la Clasificación Decimal Universal | 612.76 |
| 100 1# - ENTRADA PRINCIPAL--NOMBRE DE PERSONA | |
| Nombre de persona | Demeny, Georges. |
| 9 (RLIN) | 43635 |
| 245 10 - MENCIÓN DEL TÍTULO | |
| Título | Mécanisme et éducation des mouvements / |
| Mención de responsabilidad, etc. | par Georges Demeny. |
| 250 ## - MENCION DE EDICION | |
| Mención de edición | 2ém. ed. rev. aug. |
| 260 ## - PUBLICACIÓN, DISTRIBUCIÓN, ETC. | |
| Lugar de publicación, distribución, etc. | Paris : |
| Nombre del editor, distribuidor, etc. | Félix Alcan : |
| -- | Ancienne Librairie Germer Baillière et Cª, |
| Fecha de publicación, distribución, etc. | 1905. |
| 300 ## - DESCRIPCIÓN FÍSICA | |
| Extensión | II, 523 p. : |
| Otras características físicas | il. ; |
| Dimensiones | 22 cm. |
| 490 1# - MENCIÓN DE SERIE | |
| Mención de serie | Bibliothèque scientifique internationale ; |
| Designación de volumen o secuencia | 99 |
| 500 ## - NOTA GENERAL | |
| Nota general | Avec 566 figures dans le texte. |
| 650 #4 - PUNTO DE ACCESO ADICIONAL DE MATERIA--TÉRMINO DE MATERIA | |
| Término de materia o nombre geográfico como elemento de entrada | Biomecánica. |
| 9 (RLIN) | 147572 |
| 650 #7 - PUNTO DE ACCESO ADICIONAL DE MATERIA--TÉRMINO DE MATERIA | |
| Término de materia o nombre geográfico como elemento de entrada | Educación psicomotriz |
| Fuente del encabezamiento o término | embne |
| 9 (RLIN) | 147573 |
| 830 0# - PUNTO DE ACCESO ADICIONAL DE SERIE-TÍTULO UNIFORME | |
| Título uniforme | Bibliothèque scientifique internationale ; |
| Designación de volumen o secuencia | 99 |
| 9 (RLIN) | 186949 |
| 852 ## - LOCALIZACIÓN | |
| Ubicación | ES-MaACL |
| Número de control de estantería | F-14427 |
| Estatus retirado | Estado de pérdida | Estado de daño | No para préstamo | Biblioteca de origen | Biblioteca actual | Ubicación en estantería | Fecha de adquisición | Fuente de adquisición | Total de préstamos | Signatura topográfica completa | Código de barras | Visto por última vez | Precio de reemplazo | Tipo de ítem Koha |
|---|---|---|---|---|---|---|---|---|---|---|---|---|---|---|
| Biblioteca del Ateneo de Madrid | Biblioteca del Ateneo de Madrid | Sala Pecera Planta 2 | 10/08/2011 | F-14427 | 1187957 | 23/02/2023 | 23/02/2023 | Libro impreso |
